000 00716nam a22002537a 4500
001 3014
003 DO-SdBNP
005 20241002130304.0
007 3014
008 160627b 2007 ag 00| 0 spa d
020 _a9789500833506
040 _aBPMSU
_bspa
_cBPMSU
082 4 _a813.41
_bA355v 2007
_222
100 1 _aSerrano Plaja, A
_d
245 _aViajes de Simbad /
_canónimo ; adaptado por A. Serrano Plaja
250 _a14a. ed.
260 _aBunos Aires :
_bAtlántida,
_c2007.
300 _a172 p. :
_bil. ;
_c22 cm.
490 0 _aNueva biblioteca Billiken,
_v29
590 _aInventariado, 2024/VM
650 4 _aNovela estadounidense
910 _aVMateo V. Control de calidad BPMSU
942 _2ddc
_cBK
999 _c10593
_d10593